| 000 | 00803nam a2200229Ia 4500 | ||
|---|---|---|---|
| 001 | 9036 | ||
| 003 | GE_BSU | ||
| 008 | 181216s||||||||xx |||||||||||||| ||und|| | ||
| 040 | _cGE_BSU | ||
| 080 | _a821.353.1–1 | ||
| 100 | _aკობერიძე,ნუგზარ | ||
| 245 | _aროცა ქარებს მიაქვთ ქვეყანა | ||
| 245 | _bლექსები | ||
| 245 | _cრედ.ი.შაიშმელაშვილი,მხატვ.ა.თოდრია | ||
| 260 | _aთბილისი | ||
| 260 | _bსაბჭოთა საქართველო | ||
| 260 | _c1984 | ||
| 300 | _a111გვ.17სმ. | ||
| 653 | _aლექსები | ||
| 653 | _aროცა ქარებს მიაქვთ ქვეყანა | ||
| 942 | _cBK | ||
| 999 |
_c42340 _d42340 |
||